| 000 | 01030cab a2200253 4500 | ||
|---|---|---|---|
| 001 | ABS58593 | ||
| 008 | 090401t1998 xxu||||| |||| 00| 0 eng d | ||
| 035 | _a(Sirsi) u85849 | ||
| 041 | _aeng | ||
| 100 | _aTanney, A. | ||
| 245 | _aDoes the demolition man herald tenancy termination? | ||
| 260 | _c1998 | ||
| 350 | _a0 | ||
| 490 |
_aProperty Week _v63(2) 24 April 1998, 31(1) |
||
| 520 | _aDiscusses the decision of the CA in "Coppen v Bruce-Smith". The landlord issued a notice under the Landlord and Tenant Act 1954 s30 (1) (f) to withold the granting of a new tenancy, in order to demolish tennis courts. At issue was whether planning permission was needed for the demolition. If so the landlord conceded it would fail to get consent and the grounds for opposition would fail. | ||
| 650 | _aCOPPEN V BRUCE-SMITH | ||
| 650 | _aDEMOLITION | ||
| 650 | _aLANDLORD AND TENANT ACT 1954 S30 | ||
| 650 | _aTENANCY | ||
| 690 | _aPROPERTY-LANDLORD AND TENANT | ||
| 700 | _aShea, C. | ||
| 942 | _n0 | ||
| 948 | _c28/04/1998 | ||
| 999 |
_c54001 _d54001 |
||